000 00817nam a2200241 a 4500
001 44955
003 BD-RjUL
005 20211209053937.0
008 160721s1934 ii ||||| |||| 00| 0 ben d
020 _c: IRs.1.00
035 _a(BD-RjUL)45073
040 _aBD-RjUL
_bben
_cBD-RjUL
041 _aben
082 _223
_a891.4415
_bISG 1934
100 _aইসলাম, নজরুল
_9137776
245 1 0 _aগীতি-শতদল /
_cনজরুল ইসলাম,
250 _a১ম সং.
260 _aকলিকাতা :
_bডি,এম, লাই.,
_c১৯৩৪
300 _a[৬],১০৪ পৃ. ;
_c১৮ সেমি.
600 _aইসলাম, কাজী নজরুল
_d১৮৯৯-১৯৭৬
_9137779
600 _aNazrul Islam, Kazi
_d1899-1976
_9137780
942 _2ddc
_cBK
999 _c44955
_d44955